Normal view
MARC view
- Pathak,H.
Entry Personal Name
001 - CONTROL NUMBER
- control field: 6902
003 - CONTROL NUMBER IDENTIFIER
- control field: NUST
005 - DATE AND TIME OF LATEST TRANSACTION
- control field: 20171204101808.0
008 - FIXED-LENGTH DATA ELEMENTS
- fixed length control field: 171204|| aca||aabn | a|a d
040 ## - CATALOGING SOURCE
- Original cataloging agency: NUST
- Transcribing agency: NUST
100 ## - HEADING--PERSONAL NAME
- Personal name: Pathak,H.
670 ## - SOURCE DATA FOUND
- Source citation: Work cat.: (NUST): Pathak,H., Soil and Greenhouse Effect:, 2003.
